Statistiche per Giocatori Reyer Venezia

Clicka qui per fare il quiz!

Statistiche generali

  • Questo quiz è stato fatto 9 volte
  • Il punteggio medio è 37 su 96

Statistiche sulle risposte

Risposta% Corretto
Bramos
100%
Watt
100%
De Nicolao
80%
Mazzola
80%
Ortner
80%
Ress
80%
Stone
80%
Theodore
80%
Tonut
80%
Young
80%
Allegretti
60%
Batista
60%
Casarin
60%
Clark Keydren
60%
Daye
60%
Fantoni
60%
Green Mike
60%
Haynes
60%
Jerrells
60%
Morgan
60%
Peric
60%
Rosselli
60%
Ruzzier
60%
Smith
60%
Vidmar
60%
Viggiano
60%
Visconti
60%
Vitali Luca
60%
Vitali Michele
60%
Washington
60%
Aradori
40%
Bowers
40%
Brooks
40%
Bryan
40%
Causin
40%
Cerella
40%
Ceron
40%
Chappell
40%
Echodas
40%
Filloy
40%
Green Marques
40%
Hagins
40%
Kennedy
40%
Magro
40%
McGee
40%
Meini
40%
Nelson
40%
Phillip
40%
Sanders
40%
Sosa
40%
Tomassini
40%
Tsaldaris
40%
Williams
40%
Zoroski
40%
Akele
20%
Biligha
20%
Bolpin
20%
Bulleri
20%
Campogrande
20%
Candussi
20%
Charalampopoulos
20%
Clark Wes
20%
Clemente
20%
D'Ercole
20%
Ejim
20%
Giachetti
20%
Giuri
20%
Goss
20%
Goudelock
20%
Hubalek
20%
Jackson
20%
Jenkins
20%
Johnson Aaron
20%
Johnson Dominique
20%
Krubally
20%
Kyzlink
20%
Marconato
20%
Moore
20%
Orelik
20%
Owens
20%
Pargo
20%
Pellegrino
20%
Possamai
20%
Radic
20%
Savovic
20%
Slay
20%
Szewczyk
20%
Taylor
20%
Udanoh
20%
Vujacic
20%
Crosariol
0%
Diawara
0%
Dulkys
0%
Easley
0%
Fotu
0%
Linhart
0%

Distribuzione punteggi

Percentile per numero di risposta

Percentuale di utenti per punteggio

I tuoi punteggi nel tempo

Non hai fatto questo quiz